| 000 | 00496nam a2200181 a 4500 | ||
|---|---|---|---|
| 005 | 20140310183250.0 | ||
| 008 | 041019s19uu xx 00 eng d | ||
| 020 | _a9780072950779 | ||
| 050 |
_aQR 41.2 _b.T35 2005 |
||
| 100 | _aTalaro, Kathleen Park | ||
| 245 |
_aFoundations in microbiology / _cKathleen Park Talaro. |
||
| 250 | _a5th ed. | ||
| 260 |
_aNew York : _bMcGraw-Hill, _c2005. |
||
| 300 |
_a535 p. : _c28 cm. |
||
| 650 | _aMicrobiology. | ||
| 942 |
_cBK _2lcc _kFOR |
||
| 999 |
_c20769 _d20769 |
||